01072nam a2200205Ia 4500952011400000999001700114008004100131020001500172050002500187100002500212245004300237250001800280260010800298300002700406490002200433505028600455519008200741650003100823942001200854 00104070a04b04d2012-01-18l20oHF5549.5T7 P35 2001p04 003882r2021-12-02s2021-12-02t1w2012-06-24yLB c63049d63049120625s2001 mx 000 0 spa d a987919147114aHF5549.5T7bP33 20011 aPain, Abrahameautor10aCapacitación laboralc/ Abraham Pain a2a. edición3 aMéxicob: Novedades Educativasb: Universidad de Buenos Aires, Facultad de Filosofia y Letrasc, 2001 a122 páginasc; 21 cm aLOS DOCUMENTOSv4 aCapacitación laboral como objeto de análisis Dos miradas sobre la capacitación Desde la educación y la organización La situación de la capacitación en la empresa La ingeniería de la capacitación El profesional de la capacitación La actividad de capacitación aPlan Flexible /bPedagogía /cCapacitación Laboral I (P04) /d(04 003882)10aCAPACITACIÓN xEMPLEADOS 2lcccLB